000 00978nam a2200217 a 4500
001 49166
003 BD-RjUL
005 20211209054637.0
008 211018s1962 ii 000 0 ben d
035 _a(BD-RjUL)49285
040 _aMAL
_dBD-RjUL
_bben
_cBD-RjUL
041 _aben
082 0 0 _223
_a891.209
_bBAS 1962
100 _aবন্দ্যোপাধ্যায়, সুরেশচন্দ্র
_9249119
245 _aসংস্কৃত সাহিত্যে বাঙালীর দান /
_cসুরেশচন্দ্র বন্দ্যোপাধ্যায়
260 _aকলকাতা :
_bসংস্কৃত পুস্তক ভান্ডার,
_c১৯৬২
300 _a৫৫৪ পৃ. ;
_c২২ সেমি.
650 _aসংস্কৃত সাহিত্য
_xইতিহাস ও সমালোচনা
_9249120
650 _aSanskrit literature
_xHistory and Criticism
_9249121
942 _2ddc
_cBK
999 _c49166
_d49166